Digimon Tamers - Digimonpartner und ihre Digitationen - Statistiken

Allgemein
  • Dieses Quiz wurde 40 mal gespielt
  • Das Durchschnittsergebnis liegt bei 15 aus 21
Antwortstatistiken
Level Name % Korrekt
Jen Champion Leomon
93%
Henry Rookie Terriermon
93%
Takato Rookie Guilmon
89%
Rika Rookie Renamon
89%
Rika Champion Kyubimon
86%
Henry Champion Gargomon
82%
Takato Mega Gallantmon
79%
Henry Mega MegaGargomon
79%
Ai+Mako Mega Beelzemon
75%
Takato Champion Growlmon
75%
Ai+Mako Rookie Impmon
75%
Henry Ultra Rapidmon
71%
Rika Ultra Taomon
71%
Rika Mega Sakuyamon
68%
Takato Ultra WarGrowlmon
68%
Shiuchon/Suzie Rookie Lopmon
64%
Kenta Mega MarineAngemon
64%
Kazu Champion Guardromon
57%
Ryo Mega Justimon
57%
Shiuchon/Suzie Ultra Antylamon
54%
Ryo Ultra Cyberdramon
46%
Keine übereinstimmenden Quizze gefunden
Verteilung der Resultate
Anzahl Personen mit jedem Resultat
Perzentil nach korrekt beantworteten Fragen
Ihre Resultats-Entwicklung
Sie haben dieses Quiz noch nicht gespielt